| 000 | 00788nam a2200229Ii 4500 | ||
|---|---|---|---|
| 003 | JO-AjNU | ||
| 008 | 230605s9999||||xx |||||||||||||| ||und|| | ||
| 017 | _a2002/9/2269 | ||
| 020 | _a9957-07-278-1 | ||
| 040 |
_aJO-AjNU _bara _erda _cJO-AjNU |
||
| 041 | _aara | ||
| 050 | 1 | 4 | _aLC3993.37 2009 |
| 100 | 3 |
_aجروان،فتحي عبد الرحمن, _eauthor _923128 |
|
| 245 | 0 | 0 | _aالإبداع مفهومه،معاييره،نظرياته،قياسه،تدريبه : مراحل العملية الإبداعية |
| 250 | _aط2 | ||
| 264 | 3 | 1 | _aعمان:دار الفكر،2009 |
| 300 | _a268ص | ||
| 336 |
_atext _btxt _2rdacontent |
||
| 337 |
_aunmediated _bn _2rdamedia |
||
| 338 |
_avolume _bnc _2rdacarrier |
||
| 650 | 4 |
_aالتفكير المبدع-الإبداعية _923129 |
|
| 999 |
_aA8319 _c11887 _d11887 |
||